| 000 -LEADER |
| fixed length control field |
00406nam a2200145Ia 4500 |
| 008 - FIXED-LENGTH DATA ELEMENTS--GENERAL INFORMATION |
| fixed length control field |
200103s 2000 ||||xx |||||||||||||| ||und|| |
| 020 ## - INTERNATIONAL STANDARD BOOK NUMBER |
| International Standard Book Number |
0074602314 |
| 082 ## - DEWEY DECIMAL CLASSIFICATION NUMBER |
| Classification number |
621.51 |
| Item number |
MAJ |
| 100 ## - MAIN ENTRY--PERSONAL NAME |
| Personal name |
Majumdar, S.R. |
| 245 #0 - TITLE STATEMENT |
| Title |
Pneumatic Systems Principles and maintainance |
| 250 ## - EDITION STATEMENT |
| Edition statement |
3rd Ed. |
| 260 ## - PUBLICATION, DISTRIBUTION, ETC. (IMPRINT) |
| Name of publisher, distributor, etc |
Tata McGraw-Hill Publishing Comp. Ltd. |
| Date of publication, distribution, etc |
2000 |
| Place of publication, distribution, etc |
New Delhi |
| 300 ## - PHYSICAL DESCRIPTION |
| Extent |
XI, 282p. |
| 942 ## - ADDED ENTRY ELEMENTS (KOHA) |
| Item type |
Books |